| 000 | 00496nam a2200181Ia 4500 | ||
|---|---|---|---|
| 005 | 20250508162540.0 | ||
| 008 | 008 250505s9999 xx 000 0 hin d | ||
| 037 | _aTextual | ||
| 040 |
_aFEDL _beng _cFEDL |
||
| 041 |
_ahin _2eng |
||
| 084 |
_a891.430 9, SHA _qFEDL |
||
| 100 | _aSharma Satyendra | ||
| 245 | 0 | _aSahitya aur samiksha | |
| 260 |
_aDelhi, India _bPrem Prakashan Mandir _c1969 |
||
| 300 | _a216p | ||
| 942 |
_cTEXL _h891.430 9, SHA |
||
| 999 |
_c1377240 _d1377240 |
||